La Contraloría General de la República: 85 años de vida institucional, 1927-2012

Збережено в:
Бібліографічні деталі
Співавтор: Contraloría General de la República (Автор)
Формат: Книга
Мова:Іспанська
Опубліковано: Santiago Contraloría General de la República 2012
Предмети:
Теги: Додати тег
Немає тегів, Будьте першим, хто поставить тег для цього запису!

MARC

LEADER 00000cam a2200000 a 4500
001 UCF7567
003 CL-VaPUC
008 130627e20121100CL |||||||||||||||||spa|d
082 0 4 |a 342.0664  |b CON  |2 21 
110 2 |a Contraloría General de la República  |e author  |9 569615 
245 1 3 |a La Contraloría General de la República: 85 años de vida institucional, 1927-2012 
300 |a 480 p 
942 |c BK 
945 |d 20130627 00:00:00  |a dcastane 
260 |a Santiago  |b Contraloría General de la República  |c 2012 
500 |a Conmemoración por su 85º aniversario de vida institucional 
600 0 7 |a CONTRALORIA GENERAL DE LA REPUBLICA  |2 CL-VaPUC  |9 255756 
650 0 |a Historia del derecho  |9 255109 
583 |a last modification  |c 20131002 05:25:39  |k Rodrigo Vera 
999 |c 352385  |d 352383 
952 |0 0  |1 0  |3 erd  |4 0  |6 342_066400000000000_CON_2012  |7 0  |8 A  |9 456892  |a BIBDER  |b BIBDER  |i 4996496  |l 2  |m 1  |o 342.0664 CON 2012  |p 4996496  |r 2023-01-25  |s 2022-09-29  |w 2019-11-22  |y BK  |z Catalogado en:20140124  |k DER